000 00320nam a22001337a 4500
008 170316b xxu||||| |||| 00| 0 eng d
020 _a9780781763288
041 _aeng
080 _27 ED
_a611
100 _a7
101 _aSHM
245 _aNEURO ANATOMY AN ATALAS OF STRUCTURE SECTIONS
_cHAINES.D.E
942 _2udc
_cBK
999 _c7974
_d7974